JFK Jr. : an intimate oral biography / RoseMarie ... Read More
Available copies
- 1 of 2 copies available at LARL/NWRL Consortium.
- 1 of 2 copies available at Lake Agassiz Regional Library. (Show preferred library)
Current holds
1 current hold with 2 total copies.
Show Only Available Copies
| Location | Call Number / Copy Notes | Barcode | Shelving Location | Status | Due Date |
|---|---|---|---|---|---|
| Barnesville Public Library | 921 KEN (Text) | 33500014112940 | Main | Available | - |
| Moorhead Public Library | 921 KEN (Text) | 33500014112957 | Main | In transit | - |
Record details
- ISBN: 9781668018514
- ISBN: 1668018519
- ISBN: 9781668018521
- ISBN: 1668018527
- Physical Description: xii, 418 pages, 16 unnumbered pages of plates : ... Read More
- Edition: First Gallery Books hardcover edition.
- Publisher: New York : Gallery Books, [2024]
- Copyright: ©2024
Content descriptions
| Formatted Contents Note: | When Jackie Met Jack -- A Son and an Heir -- ... Read More |
| Summary, etc.: | "The first oral biography of John F. Kennedy Jr. ... Read More |
Search for related items by subject
| Genre: | Biographies. Anecdotes. |
| LDR | 03843cam a22005898i 4500 | ||
|---|---|---|---|
| 001 | 442112 | ||
| 003 | LARL_NWRL_CONSORTIUM | ||
| 005 | 20240805142853.0 | ||
| 008 | 240314s2024 nyua e 000 0beng | ||
| 010 | . | ‡a 2024012034 | |
| 040 | . | ‡aDLC ‡beng ‡erda ‡cDLC ‡dOCLCO ‡dYDX ‡dBDX ‡dOCLCO ‡dBRL ‡dOI6 ‡dIK2 ‡dGK7 ‡dGL7 | |
| 019 | . | ‡a1406019454 | |
| 020 | . | ‡a9781668018514 ‡q(hardcover) | |
| 020 | . | ‡a1668018519 ‡q(hardcover) | |
| 020 | . | ‡a9781668018521 ‡q(trade paperback) | |
| 020 | . | ‡a1668018527 | |
| 020 | . | ‡z9781668018538 ‡q(ebook) | |
| 035 | . | ‡a(OCoLC)1428542801 ‡z(OCoLC)1406019454 | |
| 042 | . | ‡apcc | |
| 043 | . | ‡an-us--- | |
| 082 | 0 | 0. | ‡a973.9092 ‡223/eng/20240402 |
| 100 | 1 | . | ‡aTerenzio, RoseMarie, ‡eauthor. |
| 245 | 1 | 0. | ‡aJFK Jr. : ‡ban intimate oral biography / ‡cRoseMarie Terenzio and Liz McNeil ; edited by Kim Hubbard. |
| 246 | 3 | . | ‡aJohn F. Kennedy, Jr. |
| 250 | . | ‡aFirst Gallery Books hardcover edition. | |
| 264 | 1. | ‡aNew York : ‡bGallery Books, ‡c[2024] | |
| 264 | 4. | ‡c©2024 | |
| 300 | . | ‡axii, 418 pages, 16 unnumbered pages of plates : ‡billustrations (some color) ; ‡c24 cm | |
| 336 | . | ‡atext ‡btxt ‡2rdacontent | |
| 337 | . | ‡aunmediated ‡bn ‡2rdamedia | |
| 338 | . | ‡avolume ‡bnc ‡2rdacarrier | |
| 505 | 0 | . | ‡aWhen Jackie Met Jack -- A Son and an Heir -- November 22, 1963 -- Aftermath -- Starting Over -- Enter Ari -- Collegiate Kid -- Bong Hits and the Brothers Johnson -- The JK Factor -- Postgrad -- A Star Is Born -- "John Jr.'s in the building" -- "With every girl and how gorgeous they were, it was one more notch up" -- Weight of History -- Death of an Icon, Birth of a Magazine -- Carolyn -- Ladies and Gentlemen, Meet George -- Meet Me at the Carlyle -- "The only gift we could actually give them is their privacy" -- "It just escalated and escalated" -- Under Pressure -- Off-Hours -- How do you become your own person...when you almost belong to everybody?" -- 1999 -- "John's not coming back" -- "A dark night" -- "A nightmare week." |
| 520 | . | ‡a"The first oral biography of John F. Kennedy Jr. is an extraordinarily intimate, comprehensive look at the real man behind the myth. Sharing never-before-told stories and insights, his closest friends, confidantes, lovers, classmates, teachers, and colleagues paint a vivid portrait of one of the most beloved figures of the 20th century, revealing how the boy who saluted became the man America came to know and love who still captures public imagination twenty-five years after his tragic death. Born into the spotlight, John F. Kennedy Jr. lived a short but remarkable life filled with expectation, ambition, family pressures, love, and tragedy. JFK Jr. dives deep into his complicated psyche and explores the what-ifs, illuminating both the cultural and political moment he inhabited and the way this son of a president, so full of promise and possibility, embodied America's most cherished hopes"-- ‡cProvided by publisher. | |
| 600 | 1 | 0. | ‡aKennedy, John F., ‡cJr., ‡d1960-1999 ‡vAnecdotes. |
| 600 | 1 | 0. | ‡aKennedy, John F., ‡cJr., ‡d1960-1999 ‡xFriends and associates. |
| 650 | 0. | ‡aChildren of presidents ‡zUnited States ‡vBiography ‡vAnecdotes. | |
| 650 | 0. | ‡aCelebrities ‡zUnited States ‡vBiography ‡vAnecdotes. | |
| 600 | 1 | 0. | ‡aTerenzio, RoseMarie ‡vAnecdotes. |
| 650 | 0. | ‡aOral biography. | |
| 655 | 7. | ‡aBiographies. ‡2lcgft | |
| 655 | 7. | ‡aAnecdotes. ‡2lcgft | |
| 700 | 1 | . | ‡aMcNeil, Liz, ‡eauthor. |
| 776 | 0 | 8. | ‡iOnline version: ‡aTerenzio, RoseMarie ‡tJFK Jr. ‡bFirst Gallery Books hardcover edition ‡dNew York : Gallery Books, 2024 ‡z9781668018538 ‡w(DLC) 2024012035 |
| 905 | . | ‡uvanderl | |
| 901 | . | ‡a442112 ‡bAUTOGEN ‡c442112 ‡tbiblio ‡soclc | |

Add to basket
Permalink
Disable Highlighting